ERROR_Mini-série /
Nemůžeme si vybrat tělo, se kterým přijdeme na svět, ale můžeme se naučit s ním žít.Abychom to v životě náhodou neměli tak jednoduché a nemohli od sebe „opisovat“ návod, jak ten život vlastně zvládnout, dostane každý z nás do začátku svůj vlastní „balíček překvapení“. Život nám ho přidělí v podobě k...
Uloženo v:
| Série: | ERROR,
část 4 |
|---|---|
| Hlavní autor: | |
| Médium: | E-kniha |
| Jazyk: | Czech |
| Vydáno: |
Praha :
Jonathan Livingston,
2025
|
| Příbuzné jednotky: | Z cyklu::
ERROR |
| Tagy: |
Žádné tagy |
| LEADER | 02619nam a22002417i 4500 | ||
|---|---|---|---|
| 001 | 312631 | ||
| 007 | ta | ||
| 008 | 260601s2025 xr ||||| |||| 00| 0 cze d | ||
| 020 | |a 9788075513793 | ||
| 044 | |a xr | ||
| 100 | 1 | |a Stodůlka, Stanislav |4 aut | |
| 245 | 1 | 0 | |a ERROR_Mini-série / |c Stodůlka, Stanislav |
| 264 | 1 | |a Praha : |b Jonathan Livingston, |c 2025 | |
| 300 | |a 1 online zdroj (36 stran) | ||
| 336 | |a text |b txt |2 rdacontent | ||
| 337 | |a bez média |b n |2 rdamedia | ||
| 338 | |a online zdroj |b cr |2 rdacarrier | ||
| 520 | 2 | |a Nemůžeme si vybrat tělo, se kterým přijdeme na svět, ale můžeme se naučit s ním žít.Abychom to v životě náhodou neměli tak jednoduché a nemohli od sebe „opisovat“ návod, jak ten život vlastně zvládnout, dostane každý z nás do začátku svůj vlastní „balíček překvapení“. Život nám ho přidělí v podobě konkrétního těla různorodých vlastností a specifik, které bez možnosti výběru jednoduše „nafasujeme“…... a právě s ním musíme žít, nejednou se dokonce smířit a pokusit se v něm prospívat.Prostřednictvím podnětných příběhů, filozofických úvah a někdy i bolestivé reality tato minikniha zkoumá těla, která obýváme, společenská očekávání, která je obklopují, a naše vnitřní boje, které to vše vyvolává.• Proč instinktivně měříme svou hodnotu vůči „standardům“, které jsme si nezvolili?• Jak se biologie střetává s identitou a proč do toho společnost přilévá olej?• Když naše emoce a myšlenky vedou válku s naším fyzickým já, kdo vyhrává? S hlubokým pohledem do témat jako gender, identita a náhodnost existence mini-kniha ERROR: Tělo si nevybereš & filosofie existence nabízí vhled do života nás jakožto pasažérů ve „vozidle“, které jsme si nevybrali – a ze kterého nemůžeme bez ztráty fyzického života jenom tak uniknout. Není to jen o pochopení sebe sama – je to o pochopení lidství (a křehkosti) nás všech. Přijmete svůj „balíček překvapení“, nebo s ním budete dál bojovat? | |
| 787 | 0 | 8 | |g 4 |i Z cyklu: |t ERROR |
| 910 | |a RBIT002 | ||
| 998 | |d 417219 |a https://core.palmknihy.cz/api/books/417219/cover?sr80tj |b https://core.palmknihy.cz/api/books/417219/cover/400?sr80tj |c https://core.palmknihy.cz/api/books/417219/cover/50?sr80tj |e 2029-02-05 |g 36 |i 9788075513793 |j https://core.palmknihy.cz/api/books/417219/preview.epub |k https://core.palmknihy.cz/api/books/417219/preview.pdf |l |q 0 |r 1 |s https://www.palmknihy.cz/kniha/417219 |t ebook |y 2025 |z 1 |v ERROR |w 4 | ||
| 999 | |d 312629 | ||